Islas de la Macaronesia - Estadísticas

Estadísticas generales
  • Esta prueba ha sido intentada 36 veces
  • La puntuación promedio es 19 de 29
Estadísticas de respuestas
Isla km2 % Correcto
Tenerife 2034
100%
El Hierro 268
90%
Gran Canaria 1560
90%
La Gomera 370
90%
Lanzarote 846
90%
La Palma 708
90%
Fuerteventura 1660
85%
La Graciosa 29
85%
Madeira 741
85%
Flores 141
60%
Sal 216
60%
Santiago 991
60%
Terceira 400
60%
Corvo 17
55%
Pico 445
55%
São Vicente 227
55%
Brava 67
50%
Faial 173
50%
Fogo 476
50%
Graciosa 61
50%
Maio 269
50%
Porto Santo 42
50%
Santa Luzia 34
50%
Santa Maria 97
50%
Santo Antão 785
50%
São Jorge 244
50%
São Miguel 745
50%
São Nicolau 380
50%
Boa Vista 631
45%
No se encontraron pruebas coincidentes
Distribución de puntuación
Porcentaje de gente con cada puntuación
Porcentaje por número respondido
Historial de tus puntuaciones
No has intentado esta prueba.